Sports Quiz

Random Sports or WWE Quiz

WWE Wrestlers by '80s Action Figure II Quiz Stats

 Plays Quiz Updated Jul 28, 2014

Support Sporcle.
Go Orange.
Score 0/30 Timer 06:00
0 Plays Today
Column Wrestler % Correct
Bret 'The Hitman' Hart
86.4%
Big Boss Man
83.7%
Hacksaw Jim Duggan
80.5%
Jim 'The Anvil' Neidhart
73.1%
Mr. Fuji
62.9%
Vince McMahon
58.8%
Ax
58.4%
'Magnificent' Muraco
57.3%
'Cowboy' Bob Orton
56.1%
Slick
52.3%
'The King' Harley Race
47.5%
'Classy' Freddie Blassie
46.2%
Greg 'The Hammer' Valentine
44.7%
Warlord
43%
Tito Santana
41.9%
Column Wrestler % Correct
Bruno Sammartino
41.8%
B. Brian Blair
35.3%
Haku
34.2%
'Jumpin' Jim Brunzell
33.4%
Hercules Hernandez
29.6%
Terry Funk
29.5%
Ken Patera
27.5%
Davey Boy Smith
24.1%
Dynamite Kid
21.9%
Billy Jack Haynes
20.5%
S.D. Jones
20.1%
Corporal Kirchner
17.9%
Outback Jack
17.8%
Johnny Valiant
15%
Ted Arcidi
12%

From the Vault

California Cities

by Booger

This is one bear of a quiz.
Remove Ads.
Support Sporcle.
Get the best of Sporcle when you Go Orange. This ad-free experience offers more features, more stats, and more fun while also helping to support Sporcle. Thank you for becoming a member.

Show Comments

Extras

Top Quizzes Today


Score Distribution

Your Account Isn't Verified!

In order to create a playlist on Sporcle, you need to verify the email address you used during registration. Go to your Sporcle Settings to finish the process.

Report this User

Report this user for behavior that violates our Community Guidelines.

Details: